Study of the system of payments and receipts at the treasuries (Record no. 475924)
[ view plain ]
| 000 -LEADER | |
|---|---|
| fixed length control field | 00510cam a22001457a 4500 |
| 008 - FIXED-LENGTH DATA ELEMENTS--GENERAL INFORMATION | |
| fixed length control field | 180718b1969 xxu||||| |||| 00| 0 eng d |
| 082 ## - DEWEY DECIMAL CLASSIFICATION NUMBER | |
| Classification number | L00x54 In2s |
| 100 ## - MAIN ENTRY--PERSONAL NAME | |
| Personal name | Thavaraj, M.J.K. |
| 245 ## - TITLE STATEMENT | |
| Title | Study of the system of payments and receipts at the treasuries |
| Statement of responsibility, etc. | By M.J.K. Thavaraj and K.L. Handa |
| 260 ## - PUBLICATION, DISTRIBUTION, ETC. | |
| Place of publication, distribution, etc. | New Delhi |
| Name of publisher, distributor, etc. | Indian Institute of Public Administration |
| Date of publication, distribution, etc. | 1969 |
| 300 ## - PHYSICAL DESCRIPTION | |
| Extent | 97p. |
| 650 ## - SUBJECT ADDED ENTRY--TOPICAL TERM | |
| Topical term or geographic name entry element | Finance Departments - India |
| 700 ## - ADDED ENTRY--PERSONAL NAME | |
| Personal name | Handa, K.L. |
| 700 ## - ADDED ENTRY--PERSONAL NAME | |
| Personal name | Indian Institute of Public Administration |
| Withdrawn status | Lost status | Damaged status | Not for loan | Permanent Location | Current Location | Date acquired | Full call number | Barcode | Date last seen | Price effective from | Koha item type |
|---|---|---|---|---|---|---|---|---|---|---|---|
| Indian Institute of Public Administration | Indian Institute of Public Administration | 2018-08-04 | L00x54 In2s | GR8446 | 2018-08-04 | 2018-08-04 | GR | ||||
| Indian Institute of Public Administration | Indian Institute of Public Administration | 2018-08-04 | L00x54 In2s | GR8445 | 2018-08-04 | 2018-08-04 | GR | ||||
| Indian Institute of Public Administration | Indian Institute of Public Administration | 2018-08-04 | L00x54 In2s | GR8444 | 2018-08-04 | 2018-08-04 | GR | ||||
| Indian Institute of Public Administration | Indian Institute of Public Administration | 2018-08-04 | L00x54 In2s | GR8443 | 2018-08-04 | 2018-08-04 | GR | ||||
| Indian Institute of Public Administration | Indian Institute of Public Administration | 2018-08-04 | L00x54 In2s | GR8442 | 2018-08-04 | 2018-08-04 | GR |
